| 000 | 01283nam2a22002771 4500 | ||
|---|---|---|---|
| 001 | rc\4936977 | ||
| 005 | 20130426160644.2 | ||
| 035 | _a(NLR Aleph) 008849041 | ||
| 090 |
_a8388655 _c8388655 |
||
| 100 | _a20130426d1964 |||y0rusy50 ca | ||
| 101 | 0 | _arus | |
| 102 | _aRU | ||
| 105 | _aa z ||||| | ||
| 200 | 1 |
_aТехнологические карты выполнения регламентных работ _f[Авт.: инженеры А.М. Муллагалиев, В.Г. Венедиктов, А.З. Сулейманов [и др.]] |
|
| 210 | _d1964 | ||
| 215 |
_a136 с., 1 л. схем. _cил. |
||
| 333 | _aПродаже не подлежит. Экз. № 7 | ||
| 461 | 0 |
_1001rc\4936976 _12001#$aСтанция ближней навигации$eИнструкция по эксплуатации$e[В 2 ч.]$eЧ. 2$vЧ. 2 _98388650 _cМосква _d1964 _nМашиностроение _oИнструкция по эксплуатации : [В 2 ч.] : Ч. 2 _tСтанция ближней навигации _vЧ. 2 |
|
| 701 | 1 |
_aВенедиктов _bВ. Г. |
|
| 701 | 1 |
_aМуллагалиев _bА. М. |
|
| 701 | 1 |
_aСулейманов _bА. З. |
|
| 801 | 0 |
_aRU _bNLR _gpsbo |
|
| 801 | 1 |
_aRU _bELAR _2rusmarc |
|
| 852 |
_aNLR _j64-2/3299 |
||
| 942 | _cBOOK | ||
| 980 | _aNB | ||